|
|
|
|
| LEADER |
00635nta a2200157 i 4500 |
| 001 |
dipl24238 |
| 005 |
20130314082551.0 |
| 008 |
110825s1997 hu om 0|| zxx d |
| 040 |
|
|
|a SZTE Diploma Repozitórium
|b hun
|
| 041 |
|
|
|a zxx
|
| 100 |
1 |
|
|a Bartók László
|
| 245 |
1 |
2 |
|a A helyi önkormányzati testületek működése a törvényességi ellenőrzés tükrében Jász-Nagykun-Szolnok megyében
|h [elektronikus dokumentum] /
|c László Bartók
|
| 260 |
|
|
|c 1997
|
| 650 |
|
4 |
|a Jogi és igazgatási tanulmányok
|
| 700 |
1 |
|
|a Józsa Zoltán
|e ths
|
| 856 |
4 |
0 |
|u http://diploma.bibl.u-szeged.hu/id/eprint/24238/1/1997_bartok_laszlo.pdf
|z Dokumentum-elérés
|